LotR Ring-bearers Quiz Stats

 Plays Quiz not verified by Sporcle

Challenge
Share
Tweet
Embed
Score 0/11 Timer 05:00
0 Plays Today
Ring Character % Correct
The One RingFrodo Baggins
99.1%
The One RingGollum
96.1%
The One RingBilbo Baggins
95.6%
The One RingSauron
94.2%
The One RingSamwise Gamgee
90.9%
The One RingIsildur
83.2%
NenyaGaladriel
81.2%
VilyaElrond Half-Elven
78.7%
NaryaGandalf the Grey
77%
NaryaCirdan the Shipwright
34.7%
VilyaGil-galad
31.7%

You're not logged in!

Compare scores with friends on all Sporcle quizzes.
Join for Free
OR
Log In

You Might Also Like...

Show Comments

Extras

Top Quizzes Today


Score Distribution

Your Account Isn't Verified!

In order to create a playlist on Sporcle, you need to verify the email address you used during registration. Go to your Sporcle Settings to finish the process.

Report this User

Report this user for behavior that violates our Community Guidelines.

Details: